EURO 2024 SQUADS (part 2) - Statistics

General Stats
  • This quiz has been taken 92 times
  • The average score is 67 of 156
Answer Stats
nat club num pos age € mln Answer % Correct
Flag of Italy FC Paris Saint-Germain 1 GK (25) 40,00 Gianluigi Donnarumma
91%
Flag of Switzerland (Pantone) Bayer 04 Leverkusen 10 MD (31) 20,00 Granit Xhaka
91%
Flag of Switzerland (Pantone) Inter Mediolan 1 GK (35) 5,00 Yann Sommer
91%
Flag of Scotland FC Liverpool 3 DF (30) 30,00 Andrew Robertson
89%
Flaga FC Liverpool 10 MD (23) 75,00 Dominik Szoboszlai
89%
Real Madryt 10 MF (38) 6,00 Luka Modrić
89%
Flag of Switzerland (Pantone) Manchester City 5 DF (28) 45,00 Manuel Akanji
88%
Manchester City 8 MF (30) 30,00 Mateo Kovačić
88%
Flag of Switzerland (Pantone) Newcastle United 22 DF (32) 10,00 Fabian Schär
84%
Flag of Italy Inter Mediolan 18 MD (27) 80,00 Nicolò Barella
84%
Flag of Switzerland (Pantone) Borussia Dortmund 21 GK (26) 40,00 Gregor Kobel
83%
Flag of Italy FC Arsenal 8 MD (32) 12,00 Jorginho
83%
Al-Nassr FC 11 MF (31) 16,00 Marcelo Brozović
83%
Flag of Scotland Manchester United 4 MD (27) 32,00 Scott McTominay
83%
Flag of Italy Inter Mediolan 23 DF (25) 70,00 Alessandro Bastoni
81%
Manchester City 4 DF (22) 75,00 Joško Gvardiol
81%
Flag of Italy Tottenham Hotspur 12 GK (27) 35,00 Guglielmo Vicario
80%
Flag of Switzerland (Pantone) Chicago Fire FC 23 MD (32) 2,00 Xherdan Shaqiri
80%
Flag of Italy Juventus Turyn 14 FW (26) 35,00 Federico Chiesa
78%
TSG 1899 Hoffenheim 9 FW (33) 5,00 Andrej Kramarić
75%
Flaga RB Leipzig 1 GK (34) 3,00 Péter Gulácsi
75%
Flag of Italy SSC Napoli 2 DF (30) 15,00 Giovanni Di Lorenzo
73%
Flag of Italy SSC Napoli 26 GK (27) 12,00 Alex Meret
72%
Flag of Switzerland (Pantone) AS Monaco 7 FW (27) 12,00 Breel Embolo
72%
Fenerbahce 1 GK (29) 11,00 Dominik Livaković
72%
Flag of Switzerland (Pantone) FC Bologna 8 MD (32) 6,50 Remo Freuler
72%
Flag of Switzerland (Pantone) Torino FC 13 DF (31) 3,50 Ricardo Rodríguez
70%
Flaga Ulsan HD FC 9 FW (29) 0,80 Martin Ádám
69%
Flaga RB Leipzig 6 DF (31) 10,00 Willi Orbán
69%
Flag of Italy Inter Mediolan 3 DF (26) 50,00 Federico Dimarco
67%
HNK Hajduk Split 14 FW (35) 2,00 Ivan Perišić
67%
Flag of Scotland Aston Villa 7 MD (29) 30,00 John McGinn
67%
Flag of Italy AS Roma 10 MD (28) 25,00 Lorenzo Pellegrini
67%
Flag of Scotland Real Sociedad 6 DF (27) 12,00 Kieran Tierney
66%
Flag of Switzerland (Pantone) Borussia Mönchengladbach 4 DF (27) 10,00 Nico Elvedi
64%
Flag of Italy FC Bologna 5 DF (22) 30,00 Riccardo Calafiori
64%
Flaga SC Freiburg 20 FW (27) 15,00 Roland Sallai
63%
Flaga AFC Bournemouth 11 DF (20) 20,00 Milos Kerkez
61%
Flag of Scotland FC Southampton 10 FW (27) 15,00 Ché Adams
59%
Flag of Italy Atalanta BC 9 FW (25) 35,00 Gianluca Scamacca
59%
Flag of Albania FC Fulham 11 FW (22) 22,00 Armando Broja
58%
Flag of Switzerland (Pantone) AS Monaco 6 MD (27) 25,00 Denis Zakaria
58%
AEK Ateny 21 DF (35) 1,20 Domagoj Vida
58%
Flag of Italy SSC Napoli 11 FW (24) 25,00 Giacomo Raspadori
58%
Bayer 04 Leverkusen 2 D (24) 28,00 Josip Stanišić
58%
Flag of Italy Inter Mediolan 13 DF (34) 4,00 Matteo Darmian
58%
Flag of Switzerland (Pantone) AC Milan 9 FW (24) 20,00 Noah Okafor
58%
Flag of Albania FC Brentford 23 GK (29) 3,00 Thomas Strakosha
58%
Flaga Ferencvárosi TC 19 FW (29) 2,50 Barnabás Varga
56%
Flag of Scotland Brighton & Hove Albion 14 MD (23) 18,00 Billy Gilmour
56%
HNK Rijeka 24 FW (23) 4,00 Marco Pašalić
56%
Atalanta BC 15 MF (29) 13,00 Mario Pašalić
56%
Flag of Italy AS Roma 16 MD (29) 20,00 Bryan Cristante
55%
Flag of Albania Lazio Rzym 4 DF (30) 2,50 Elseid Hysaj
55%
Ajax Amsterdam 6 DF (24) 15,00 Josip Šutalo
53%
Flag of Albania Inter Mediolan 21 MD (22) 18,00 Kristjan Asllani
53%
CA Osasuna 16 FW (32) 5,00 Ante Budimir
52%
Flaga TSG 1899 Hoffenheim 4 DF (26) 4,00 Attila Szalai
52%
Flag of Albania Atalanta BC 6 DF (31) 10,00 Berat Djimsiti
52%
Flag of Italy Genoa CFC 19 FW (25) 16,00 Mateo Retegui
52%
Flag of Scotland FC Southampton 17 MD (32) 2,00 Stuart Armstrong
52%
GNK Dinamo Zagrzeb 17 FW (29) 5,00 Bruno Petković
50%
Flag of Italy Juventus Turyn 6 DF (26) 18,00 Federico Gatti
50%
VfL Wolfsburg 7 MF (26) 20,00 Lovro Majer
50%
Flag of Italy Lazio Rzym 20 FW (29) 20,00 Mattia Zaccagni
50%
Flag of Italy AS Roma 22 FW (31) 5,00 Stephan El Shaarawy
50%
Flag of Italy Inter Mediolan 7 MD (24) 35,00 Davide Frattesi
48%
Flag of Italy Juventus Turyn 21 MD (23) 15,00 Nicolò Fagioli
48%
Flag of Switzerland (Pantone) FC Burnley 25 FW (23) 12,00 Zeki Amdouni
48%
Flag of Scotland Norwich City 1 GK (28) 2,50 Angus Gunn
47%
Flag of Switzerland (Pantone) FC Bologna 19 FW (23) 14,00 Dan Ndoye
47%
Flag of Italy AS Roma 17 DF (28) 25,00 Gianluca Mancini
47%
Flag of Scotland AFC Bournemouth 11 FW (29) 12,00 Ryan Christie
47%
Ajax Amsterdam 19 DF (26) 7,50 Borna Sosa
45%
Flag of Scotland Celtic Glasgow 8 MD (31) 8,50 Callum McGregor
45%
Flag of Switzerland (Pantone) FC Augsburg 17 MD (25) 7,50 Rubén Vargas
45%
Flag of Switzerland (Pantone) FC Lorient 12 GK (30) 3,00 Yvon Mvogo
45%
1.FC Union Berlin 22 DF (28) 7,50 Josip Juranović
44%
Flag of Italy Torino FC 4 DF (25) 35,00 Alessandro Buongiorno
42%
Flag of Italy Juventus Turyn 24 DF (24) 25,00 Andrea Cambiaso
41%
Flag of Albania US Sassuolo 10 MD (25) 4,50 Nedim Bajrami
41%
Flag of Switzerland (Pantone) FC Bologna 20 MD (27) 9,00 Michel Aebischer
39%
Flag of Switzerland (Pantone) AEK Ateny 14 MD (32) 2,00 Steven Zuber
39%
Flaga Spezia Calcio 8 MD (29) 0,90 Ádám Nagy
38%
Torino FC 13 MF (26) 10,00 Nikola Vlašić
38%
Flaga Puskás Akadémia FC 18 DF (31) 1,00 Zsolt Nagy
38%
Flag of Switzerland (Pantone) 1.FSV Mainz 05 3 DF (31) 3,00 Silvan Widmer
36%
Flag of Scotland Leeds United 16 DF (32) 1,00 Liam Cooper
33%
US Lecce 3 DF (26) 7,00 Marin Pongračić
33%
Flag of Scotland Al-Ettifaq FC 13 DF (29) 3,00 Jack Hendry
31%
Red Bull Salzburg 25 MF (21) 15,00 Luka Sučić
31%
Flag of Italy Torino FC 15 DF (24) 15,00 Raoul Bellanova
31%
Flag of Scotland Norwich City 5 DF (32) 0,90 Grant Hanley
30%
Flag of Switzerland (Pantone) VfB Stuttgart 2 DF (22) 5,00 Leonidas Stergiou
30%
Flag of Switzerland (Pantone) Ludogorets Razgrad 18 FW (27) 3,00 Kwadwo Duah
28%
Flaga Le Havre AC 7 DF (33) 0,90 Loïc Nego
28%
Flag of Switzerland (Pantone) FC Lugano 11 MD (32) 1,00 Renato Steffen
28%
Flag of Albania Ilustracja 1 GK (35) 0,50 Etrit Berisha
27%
Flag of Albania US Lecce 16 FW (20) 1,00 Medon Berisha
27%
Flag of Scotland FC Kopenhaga 26 DF (27) 9,00 Scott McKenna
27%
Flag of Switzerland (Pantone) Stade Rennais FC 26 MD (22) 8,00 Fabian Rieder
25%
HNK Rijeka 20 FW (29) 2,50 Marko Pjaca
25%
GNK Dinamo Zagrzeb 26 MF (21) 20,00 Martin Baturina
25%
Flaga Hertha BSC 24 DF (22) 2,50 Márton Dárdai
25%
Flag of Italy Hellas Verona 25 FW (26) 8,50 Michael Folorunsho
25%
Flag of Scotland FC Watford 15 DF (25) 3,00 Ryan Porteous
25%
Flag of Scotland Norwich City 23 MD (32) 0,90 Kenny McLean
23%
Flaga 1.FC Union Berlin 13 MD (25) 5,00 András Schäfer
22%
Flag of Albania CFR Cluj 5 DF (30) 1,00 Arlind Ajeti
22%
Flaga AFC Sunderland 17 MD (24) 2,50 Callum Styles
22%
Flag of Albania Rayo Vallecano 2 DF (32) 2,00 Iván Balliu
22%
Flag of Scotland Heart of Midlothian FC 9 FW (28) 4,00 Lawrence Shankland
22%
Flag of Albania Sivasspor 7 FW (27) 5,00 Rey Manaj
22%
Flag of Scotland Celtic Glasgow 2 DF (25) 1,80 Anthony Ralston
20%
Flaga Újpest FC 23 FW (24) 1,00 Kevin Csoboth
20%
Flag of Albania SV Darmstadt 98 8 MD (34) 0,40 Klaus Gjasula
20%
Flaga HNK Hajduk Split 15 MD (30) 1,50 László Kleinheisler
20%
Feyenoord Rotterdam 18 FW (25) 12,00 Luka Ivanušec
20%
Flag of Albania US Sassuolo 24 DF (24) 4,50 Marash Kumbulla
20%
Flag of Albania AC Sparta Praga 14 MD (28) 2,50 Qazim Laci
20%
Flag of Switzerland (Pantone) FC Toulouse 16 MD (28) 4,00 Vincent Sierro
20%
Flaga Omonia Nikozja 2 DF (31) 0,45 Ádám Lang
19%
Flaga Fehérvár FC 5 DF (34) 0,40 Attila Fiola
19%
Flag of Switzerland (Pantone) VfL Wolfsburg 15 DF (26) 5,00 Cédric Zesiger
19%
Flaga Ferencvárosi TC 12 GK (33) 2,50 Dénes Dibusz
19%
Flag of Scotland Celtic Glasgow 24 DF (26) 7,50 Greg Taylor
19%
US Sassuolo 5 DF (26) 3,00 Martin Erlić
19%
Flag of Scotland Glasgow Rangers 20 MD (32) 1,00 Ryan Jack
19%
Flag of Albania US Lecce 20 MD (28) 4,00 Ylber Ramadani
19%
Flag of Albania GNK Dinamo Zagrzeb 26 FW (25) 1,80 Arbër Hoxha
17%
Flag of Switzerland (Pantone) FC Luzern 24 MD (21) 6,00 Ardon Jashari
17%
Flaga Philadelphia Union 16 MD (28) 9,00 Dániel Gazdag
17%
Flag of Scotland Celtic Glasgow 25 MD (32) 1,00 James Forrest
17%
Flag of Scotland Bristol City 22 DF (26) 1,80 Ross McCrorie
17%
Flag of Scotland Heart of Midlothian FC 21 GK (32) 0,70 Zander Clark
17%
Flag of Albania Gwangju FC 9 FW (29) 1,00 Jasir Asani
16%
Flag of Scotland New York Red Bulls 18 MD (27) 5,00 Lewis Morgan
16%
Flag of Albania Lokomotiw Moskwa 3 DF (20) 2,00 Mario Mitaj
16%
Flag of Albania FC Empoli 18 DF (27) 3,00 Ardian Ismajli
14%
Flag of Albania Besiktas JK 17 FW (23) 13,00 Ernest Muci
14%
Pafos FC 23 GK (29) 2,50 Ivica Ivušić
14%
Flaga Kecskeméti TE 25 FW (22) 1,20 Krisztofer Horváth
14%
HNK Rijeka 12 GK (24) 4,50 Nediljko Labrović
14%
Flaga Paksi FC 22 GK (33) 0,50 Péter Szappanos
14%
Flag of Albania Grasshopper Club Zurych 22 MD (34) 0,20 Amir Abrashi
13%
Flaga Servette FC 14 DF (24) 2,00 Bendegúz Bolla
13%
Flag of Albania AS Cittadella 12 GK (27) 1,30 Elhan Kastrati
13%
Flag of Albania FC Famalicão 13 DF (26) 1,50 Enea Mihaj
13%
Flaga Parma Calcio 1913 3 DF (22) 1,80 Botond Balogh
11%
Flaga Ferencvárosi TC 21 DF (29) 1,00 Endre Botka
11%
Flag of Scotland Ilustracja 12 GK (28) 0,80 Liam Kelly
11%
Flaga MTK Budapest 26 MD (22) 1,00 Mihály Kata
11%
Flag of Albania FC Voluntari 25 DF (30) 0,40 Naser Aliji
11%
Flag of Albania FC Baniyas 15 MD (27) 3,50 Taulant Seferi
9%
Flag of Scotland Bristol City 19 FW (21) 4,00 Tommy Conway
9%
Flag of Albania Rubin Kazań 19 FW (26) 3,00 Mirlind Daku
8%
No matching quizzes found
Score Distribution
Percent of People with Each Score
Percentile by Number Answered
Your Score History
You have not taken this quiz